000 00742nam a2200241 a 4500
999 _c11527
_d11527
001 11527
003 BD-JhCC
005 20191031114322.0
008 180624b1997 bg a|||| ||a| 001 0 ben d
020 _a9845551602
035 _a(BD-JhCC)11527
040 _aBD-JhCC
_dBD-JhCC
041 _aben
082 _bDOT 1997
_a928
100 _aদত্ত, ডা.গৌতম
245 _aনজরুলের চিকিৎসা /
_cডা.গৌতম দত্ত ।
260 _aঢাকা:
_bনজরুল ইন্সটিটিউট;
_c১৯৯৭.
300 _a১০৩ পৃ. :
_bill;
_c২২সেমি.
600 _aIslam, Kazi Najrul
650 _aBiography
942 _2ddc
_cBK